000 00482nam a2200181Ia 4500
005 20250312025221.0
008 240331s9999 xx 000 0 und d
082 _a301.01
_bSCH
_25001
100 _aSchafer, S
245 0 _aTheories in Criminology:
_bPast and Present Philosophies of the Crime Problem
260 _aNew York,
_bRandom House
_c1969
300 _axvi, 335 p.,
650 _aCriminology
650 _aLaw
650 _aPsychology
650 _aSociety
942 _cL
999 _c1054
_d1054